| 000 | 00592nam a2200181 a 4500 | ||
|---|---|---|---|
| 005 | 20210223121504.0 | ||
| 008 | 991125s1995 ea 000 0 eng u | ||
| 020 | _a8171003575 | ||
| 035 | _aUPN01000018575 | ||
| 049 | _aCG | ||
| 050 | 4 |
_aLB1044.7 _bB4.3 |
|
| 100 | 1 |
_aBehera, Suresh Chandra, _d1959- _940416 |
|
| 245 | 1 | 0 |
_aEducational television programmes : _bimpact on teacher's competency / _cS. C. Behera ; foreward by Jagannath Mohanty. |
| 260 |
_aNew Delhi : _bDeep and Deep, _c1995. |
||
| 300 | _axii, 248 p. | ||
| 650 | 4 |
_aTELEVISION EN LA EDUCACION - _zINDIA _921587 |
|
| 905 | _aLibro | ||
| 999 |
_c18575 _d18575 |
||